Manifestación jugada : los Juegos de la XIX Olimpiada de 1968 en El Heraldo de México /

Gespeichert in:
Bibliographische Detailangaben
Körperschaft: Archivo Fotográfico El Heraldo de México Gutiérrez Vivó-Balderas (colección)
Weitere Verfasser: Santos Pérez, Ana Cristina (coordinación e introducción) (coordinación e introducción), Martínez Torres, Mayeli (presentación) (presentación)
Format: Buch
Sprache:Spanisch
Veröffentlicht: México : Universidad Iberoamericana Ciudad de México, 2022, c2022
Schlagworte:
Tags: Tag hinzufügen
Keine Tags, Fügen Sie das erste Tag hinzu!

MARC

LEADER 00000nam^a2200000^a^4500
001 000579179
005 20250521000000.0
009 20260310132524.158
020 |a 978-607-417-900-2 
037 |a Acervo ITESO - Biblioteca 
041 |a GRA 
041 |a ESP 
082 |a 796. 48  |b AFHGV 
110 |a Archivo Fotográfico El Heraldo de México Gutiérrez Vivó-Balderas  |e (colección) 
245 1 0 |a Manifestación jugada :  |b los Juegos de la XIX Olimpiada de 1968 en El Heraldo de México /  |c Colección del Archivo Fotográfico El Heraldo de México Gutiérrez Vivó-Balderas ; coord. e introd. de A.C. Santos Pérez ; presen. de m. Martínez Torres. 
264 4 |a México :  |b Universidad Iberoamericana Ciudad de México,  |c 2022, c2022 
300 |a 197 p. 
336 |a texto  |b txt  |2 rdacontenido 
337 |a sin mediación  |b n  |2 rdamedio 
338 |a volumen  |b nc  |2 rdasoporte 
546 |a Edición gráfica con texto en español 
649 |a XX 
650 |a Museos Universitarios -  |z México (Ciudad) -  |x Exposiciones -  |x Historia y Crítica 
650 |a Museos Universitarios -  |z México -  |x Exposiciones -  |x Historia y Crítica 
650 |a Museos y Galerías -  |z México (Ciudad) -  |x Exposiciones -  |x Historia y Crítica 
650 |a Museos y Galerías -  |z México -  |x Exposiciones -  |x Historia y Crítica 
650 |a Fototecas -  |z México (Ciudad) -  |x Colecciones 
650 |a Fototecas -  |z México -  |x Colecciones 
650 |a Bibliotecas Universitarias -  |z México (Ciudad) -  |x Colecciones Especiales 
650 |a Bibliotecas Universitarias -  |z México -  |x Colecciones Especiales 
650 |a Bibliotecas -  |z México (Ciudad) -  |x Colecciones Especiales 
650 |a Bibliotecas -  |z México -  |x Colecciones Especiales 
650 |a Periódicos -  |x Sección Deportiva -  |z México (Ciudad) -  |x Historia -  |y 1964-1970 
650 |a Periódicos -  |x Sección Deportiva -  |z México (Ciudad) -  |x Historia -  |y Siglo XX 
650 |a Periódicos -  |x Sección Deportiva -  |z México -  |x Historia -  |y 1964-1970 
650 |a Periódicos -  |x Sección Deportiva -  |z México -  |x Historia -  |y Siglo XX 
650 |a Coleccionistas Mexicanos 
650 |a Juegos Olímpicos -  |z México -  |x Fotografías -  |x Tema Principal 
650 |a Juegos Olímpicos -  |z México -  |x Historia -  |y 1964-1970 
650 |a Juegos Olímpicos -  |z México -  |x Historia -  |y Siglo XX 
650 |a Juegos Olímpicos -  |x Historia 
650 |a Voleibol -  |z México -  |x Historia -  |y 1964-1970 
650 |a Voleibol -  |z México -  |x Historia -  |y Siglo XX 
650 |a Deportes -  |z México -  |x Fotografías -  |x Exposiciones 
650 |a Deportes -  |z México -  |x Historia -  |y 1964-1970 
650 |a Deportes -  |z México -  |x Historia -  |y Siglo XX 
650 |a Deportes -  |x Fotografías -  |x Exposiciones 
650 |a Deportes -  |x Historia -  |y 1945-1989 
650 |a Deportes -  |x Historia -  |y Siglo XX 
650 |a Fotoperiodismo -  |z México -  |x Exposiciones -  |x Catálogos 
650 |a Fotografía Mexicana -  |x Exposiciones -  |x Catálogos 
650 |a Fotografía Mexicana -  |y Siglo XX 
650 |a Instalaciones Olímpicas -  |z México (Ciudad) -  |x Historia -  |y 1964-1970 
650 |a Arquitectura Deportiva -  |z México (Ciudad) -  |x Historia y Crítica 
650 |a Arquitectura Deportiva -  |z México -  |x Historia y Crítica 
650 |a Arquitectura Moderna -  |z México (Ciudad) -  |x Historia y Crítica 
650 |a Arquitectura Moderna -  |z México -  |x Historia y Crítica 
650 |a Arquitectura Mexicana -  |x Historia y Crítica 
650 |a Monumentos Conmemorativos -  |z México (Ciudad) -  |x Historia y Crítica 
650 |a Monumentos Conmemorativos -  |z México -  |x Historia y Crítica 
650 |a Escultura Moderna -  |z México (Ciudad) -  |x Historia y Crítica 
650 |a Escultura Moderna -  |z México -  |x Historia y Crítica 
650 |a Escultura (Tendencias Recientes) -  |z México (Ciudad) -  |x Historia y Crítica 
650 |a Escultura (Tendencias Recientes) -  |z México -  |x Historia y Crítica 
650 |a Pintura Mexicana -  |x Exposiciones -  |x Historia y Crítica 
650 |a Sellos de Correo -  |z México -  |x Historia -  |y 1964-1970 
650 |a Sellos de Correo -  |z México -  |x Historia -  |y Siglo XX 
650 |a Filatelia -  |z México 
650 |a Arte Moderno -  |z México (Ciudad) -  |x Historia y Crítica 
650 |a Arte Moderno -  |z México -  |x Historia y Crítica 
650 |a Arte Abstracto -  |z México (Ciudad) -  |x Historia y Crítica 
650 |a Arte Abstracto -  |z México -  |x Historia y Crítica 
650 |a Arte (Tendencias Recientes) -  |z México (Ciudad) -  |x Historia y Crítica 
650 |a Arte (Tendencias Recientes) -  |z México -  |x Historia y Crítica 
650 |a Arte Mexicano -  |x Exposiciones -  |x Historia y Crítica 
650 |a Arte Mexicano -  |x Historia y Crítica 
650 |a Telecomunicaciones -  |z México -  |x Historia -  |y 1964-1970 
650 |a Telecomunicaciones -  |z México -  |x Historia -  |y Siglo XX 
650 |a Universidad Iberoamericana Ciudad de México, Laboratorio Museográfico 
650 |a Biblioteca Francisco Xavier Clavigero 
650 |a Archivo Fotográfico El Heraldo de México Gutiérrez Vivó-Balderas -  |x Tema Principal 
650 |a Celis Cano, Guillermo 
650 |a Celis Cano, José Alberto 
700 |a Santos Pérez, Ana Cristina  |e (coordinación e introducción) 
700 |a Martínez Torres, Mayeli  |e (presentación) 
910 |a Fondo General 
920 |a Impresos - Libros 
930 |a Reserva Especial 
905 |a 103 
901 |a 0500408605  |b IT1  |c REE  |i D130402  |u 20250521 
902 |a https://opac.biblio.iteso.mx/vufind/Record/000579179